[Event "Zagreb Open 2011 Grupo A"]
[Site "Zagreb CRO"]
[Date "2011.04.12"]
[Round "2.2"]
[White "Gleizerov, Evgeny"]
[Black "Ulibin, Mikhail"]
[Result "1/2-1/2"]
[WhiteElo "2579"]
[BlackElo "2521"]
[PlyCount "27"]
[EventDate "2011.04.11"]
[EventType "swiss"]
[EventRounds "9"]
[EventCountry "CRO"]
[Source "lmi"]
[SourceDate "2011.04.11"]

1. d4 d5 2. c4 c6 3. Nf3 Nf6 4. e3 Bf5 5. Nc3 e6 6. Bd3 Bxd3 7. Qxd3 Nbd7 8.
O-O Be7 9. e4 dxe4 10. Nxe4 Nxe4 11. Qxe4 O-O 12. Rd1 Qb6 13. Qc2 Rfd8 14. Be3
1/2-1/2

[Event "Zagreb Open 2011 Grupo A"]
[Site "Zagreb CRO"]
[Date "2011.04.12"]
[Round "2.3"]
[White "Kozul, Zdenko"]
[Black "Petkov, Vladimir"]
[Result "1/2-1/2"]
[WhiteElo "2568"]
[BlackElo "2493"]
[PlyCount "117"]
[EventDate "2011.04.11"]
[EventType "swiss"]
[EventRounds "9"]
[EventCountry "CRO"]
[Source "lmi"]
[SourceDate "2011.04.11"]

1. d4 Nf6 2. c4 e6 3. Nf3 d5 4. Nc3 dxc4 5. e4 Bb4 6. Bg5 c5 7. Bxc4 cxd4 8.
Nxd4 Qa5 9. Bd2 Qc5 10. Bb5+ Bd7 11. Nb3 Qe5 12. Bd3 Na6 13. Qe2 Nc5 14. Nxc5
Bxc5 15. f4 Qd4 16. e5 Nd5 17. Nxd5 Qxd5 18. Be4 Qd4 19. O-O-O Ba4 20. Bc2 Bxc2
21. Kxc2 O-O 22. Kb1 Rac8 23. Rhf1 Qa4 24. Bc3 Rfd8 25. Rxd8+ Rxd8 26. f5 Qd7
27. f6 Qd3+ 28. Qxd3 Rxd3 29. Rf4 b5 30. Rg4 Bf8 31. Bd4 h5 32. Rh4 Rd2 33.
Bxa7 Rxg2 34. Rxh5 b4 35. h3 Re2 36. Bb8 Rf2 37. Rg5 Rf1+ 38. Kc2 Rf2+ 39. Kb3
Rf3+ 40. Kc4 Rf4+ 41. Kb3 Rf3+ 42. Ka4 Rf2 43. Bd6 Rxb2 44. Bxf8 Kxf8 45. Rxg7
Rxa2+ 46. Kxb4 Re2 47. Rh7 Ke8 48. Rh5 Kd7 49. Kc5 Rd2 50. h4 Kc7 51. Rg5 Rd5+
52. Kc4 Kc6 53. h5 Ra5 54. Rg7 Rxe5 55. h6 Rh5 56. h7 Rh4+ 57. Kd3 Kd6 58. Rxf7
Ke5 59. Ke3 1/2-1/2

[Event "Zagreb Open 2011 Grupo A"]
[Site "Zagreb CRO"]
[Date "2011.04.12"]
[Round "2.4"]
[White "Martinovic, Sasa"]
[Black "Gajewski, Grzegorz"]
[Result "1-0"]
[WhiteElo "2504"]
[BlackElo "2567"]
[PlyCount "95"]
[EventDate "2011.04.11"]
[EventType "swiss"]
[EventRounds "9"]
[EventCountry "CRO"]
[Source "lmi"]
[SourceDate "2011.04.11"]

1. d4 Nf6 2. c4 e6 3. Nc3 Bb4 4. e3 d5 5. a3 Bxc3+ 6. bxc3 c6 7. Bd3 O-O 8. Ne2
b6 9. O-O Ba6 10. cxd5 cxd5 11. Bxa6 Nxa6 12. Qd3 Qc8 13. f3 Rd8 14. Ng3 Qc4
15. Qxc4 dxc4 16. e4 Nd7 17. a4 Nc7 18. Ba3 a6 19. Rfb1 Rdc8 20. Nf1 Ne8 21.
Ne3 Ra7 22. Kf2 h5 23. Rb2 g6 24. f4 f5 25. exf5 gxf5 26. d5 Kf7 27. dxe6+ Kxe6
28. Re1 Nef6 29. Kf3 Rb7 30. Rd2 Nc5 31. Bxc5 Rxc5 32. Ng4+ Kf7 33. Nxf6 Kxf6
34. Rd6+ Kg7 35. Re5 Rcc7 36. Rxf5 b5 37. Rg5+ Kf7 38. axb5 axb5 39. Rxh5 Ke7
40. Rdd5 b4 41. cxb4 c3 42. Rh7+ Ke6 43. Re5+ Kd6 44. Rh6+ Kd7 45. Rd5+ Ke7 46.
Rh7+ Ke6 47. Rxc7 Rxc7 48. Rd1 1-0

[Event "Zagreb Open 2011 Grupo A"]
[Site "Zagreb CRO"]
[Date "2011.04.12"]
[Round "2.5"]
[White "Drazic, Sinisa"]
[Black "Zelcic, Robert"]
[Result "*"]
[WhiteElo "2467"]
[BlackElo "2550"]
[PlyCount "54"]
[EventDate "2011.04.11"]
[EventType "swiss"]
[EventRounds "9"]
[EventCountry "CRO"]
[Source "lmi"]
[SourceDate "2011.04.11"]

1. e4 c6 2. d3 d5 3. Nd2 e5 4. Ngf3 Bd6 5. d4 exd4 6. exd5 Nf6 7. dxc6 Nxc6 8.
Be2 O-O 9. O-O Bc7 10. Nb3 Bb6 11. Re1 Bf5 12. Bd3 Bxd3 13. Qxd3 a5 14. Bd2 a4
15. Nc1 Qd5 16. Ne2 Rfe8 17. a3 h6 18. h3 Qc5 19. Ng3 Rad8 20. Rad1 Nd5 21. Re4
Nf6 22. Rxe8+ Rxe8 23. Bc1 Ne5 24. Nxe5 Qxe5 25. Bd2 Qd5 26. Bb4 g6 27. Kf1 h5
*

[Event "Zagreb Open 2011 Grupo A"]
[Site "Zagreb CRO"]
[Date "2011.04.12"]
[Round "2.6"]
[White "Jovanovic, Zoran"]
[Black "Jovanic, Ognjen"]
[Result "1/2-1/2"]
[WhiteElo "2544"]
[BlackElo "2480"]
[PlyCount "49"]
[EventDate "2011.04.11"]
[EventType "swiss"]
[EventRounds "9"]
[EventCountry "CRO"]
[Source "lmi"]
[SourceDate "2011.04.11"]

1. e4 e5 2. Nf3 Nc6 3. Bc4 Bc5 4. c3 Nf6 5. d3 a6 6. Bb3 O-O 7. O-O Ba7 8. h3
d6 9. Be3 h6 10. Nbd2 Re8 11. Bxa7 Rxa7 12. Re1 Nh5 13. Nc4 Nf4 14. Ne3 Ra8 15.
Nd5 Nxd5 16. Bxd5 Ne7 17. Bb3 Ng6 18. Nh2 Qg5 19. Re3 Be6 20. Rg3 Qe7 21. Ng4
Kh7 22. Ne3 Nf4 23. Rf3 c6 24. Kh2 g6 25. Bxe6 1/2-1/2

[Event "Zagreb Open 2011 Grupo A"]
[Site "Zagreb CRO"]
[Date "2011.04.12"]
[Round "2.7"]
[White "Smith, Bryan G"]
[Black "Papp, Gabor"]
[Result "1/2-1/2"]
[WhiteElo "2466"]
[BlackElo "2539"]
[PlyCount "96"]
[EventDate "2011.04.11"]
[EventType "swiss"]
[EventRounds "9"]
[EventCountry "CRO"]
[Source "lmi"]
[SourceDate "2011.04.11"]

1. e4 c5 2. Nf3 d6 3. d4 cxd4 4. Nxd4 Nf6 5. Nc3 a6 6. h3 e6 7. g4 Be7 8. Bg2
Nfd7 9. O-O Nc6 10. Be3 O-O 11. Nxc6 bxc6 12. f4 e5 13. f5 h6 14. Na4 Bb7 15.
c4 c5 16. Qd2 a5 17. Rad1 Ra6 18. Nc3 Nf6 19. Qe2 Nd7 20. Nb5 a4 21. Rd3 Qb8
22. Qd2 Nf6 23. g5 Nxe4 24. Bxe4 Bxe4 25. f6 Bxd3 26. Qxd3 Bd8 27. gxh6 g6 28.
Nc3 Qc8 29. Bg5 Kh7 30. Nd5 Qe6 31. Kg2 Ra7 32. Qe4 Rb7 33. Rf2 Rb8 34. Nc3 Rb4
35. Nd5 Rb8 36. Kg3 Re8 37. h4 Rg8 38. Nc3 Rb4 39. Nd5 Rb8 40. Kh2 Re8 41. Be3
Rg8 42. Bc1 Re8 43. h5 Rg8 44. Bg5 Rb7 45. Ne3 Rb4 46. Nd5 Rb7 47. Ne3 Rb4 48.
Nd5 Rb7 1/2-1/2

[Event "Zagreb Open 2011 Grupo A"]
[Site "Zagreb CRO"]
[Date "2011.04.12"]
[Round "2.8"]
[White "Burmakin, Vladimir"]
[Black "Bogut, Zeljko"]
[Result "1/2-1/2"]
[WhiteElo "2594"]
[BlackElo "2440"]
[PlyCount "91"]
[EventDate "2011.04.11"]
[EventType "swiss"]
[EventRounds "9"]
[EventCountry "CRO"]
[Source "lmi"]
[SourceDate "2011.04.11"]

1. d4 c5 2. d5 Nf6 3. c4 e6 4. Nc3 exd5 5. cxd5 d6 6. Nf3 g6 7. Nd2 Bg7 8. e4
O-O 9. Be2 a6 10. a4 Ne8 11. O-O f5 12. exf5 Rxf5 13. Nc4 Nd7 14. Bg4 Rf8 15.
Be6+ Kh8 16. Ne4 Ne5 17. Nxe5 Bxe5 18. Ng5 Ng7 19. Ra3 Bxe6 20. dxe6 Qe7 21.
Rh3 h5 22. Nf7+ Kg8 23. Nxe5 dxe5 24. Qd5 Rad8 25. Qxe5 Rf5 26. Qe2 Qxe6 27.
Re3 Qd5 28. b3 Rff8 29. Bb2 Nf5 30. Re5 Qd3 31. Qxd3 Rxd3 32. Rxc5 Rxb3 33. Bc3
Re8 34. h3 Re6 35. Rc1 Kf7 36. Rc7+ Re7 37. Rc8 Re8 38. Rc7+ Re7 39. Rc4 Re6
40. Bb4 Rc6 41. Rxc6 bxc6 42. Ba5 Nd4 43. Rc4 Rb1+ 44. Kh2 Nb3 45. Bb6 Nd2 46.
Rxc6 1/2-1/2

[Event "Zagreb Open 2011 Grupo A"]
[Site "Zagreb CRO"]
[Date "2011.04.12"]
[Round "2.9"]
[White "Bukal, Vladimir Jr"]
[Black "Brkic, Ante"]
[Result "0-1"]
[WhiteElo "2402"]
[BlackElo "2592"]
[PlyCount "55"]
[EventDate "2011.04.11"]
[EventType "swiss"]
[EventRounds "9"]
[EventCountry "CRO"]
[Source "lmi"]
[SourceDate "2011.04.11"]

1. d4 d5 2. c4 e6 3. Nc3 c6 4. Nf3 Nf6 5. g3 dxc4 6. Bg2 b5 7. O-O Nbd7 8. e4
Be7 9. Re1 Bb7 10. Qc2 O-O 11. Bf4 a5 12. Rad1 Re8 13. h4 Qb6 14. a4 Rac8 15.
Ne5 Rcd8 16. Be3 Qa6 17. Bg5 h6 18. Bxf6 Nxf6 19. d5 cxd5 20. axb5 Qb6 21. g4
d4 22. g5 hxg5 23. hxg5 Nh5 24. Qe2 g6 25. Qf3 Rf8 26. Ne2 Qxb5 27. Ng4 d3 28.
Ng3 0-1

[Event "Zagreb Open 2011 Grupo A"]
[Site "Zagreb CRO"]
[Date "2011.04.12"]
[Round "2.10"]
[White "Palac, Mladen"]
[Black "Doric, Darko"]
[Result "1-0"]
[WhiteElo "2586"]
[BlackElo "2464"]
[PlyCount "83"]
[EventDate "2011.04.11"]
[EventType "swiss"]
[EventRounds "9"]
[EventCountry "CRO"]
[Source "lmi"]
[SourceDate "2011.04.11"]

1. e4 c5 2. Nf3 e6 3. d4 cxd4 4. Nxd4 Nc6 5. Nc3 Qc7 6. Be2 a6 7. O-O Nf6 8.
Be3 Bb4 9. Na4 O-O 10. Nxc6 bxc6 11. f4 Rb8 12. Bd3 Be7 13. c4 d6 14. c5 Rd8
15. Kh1 e5 16. fxe5 dxe5 17. Qc2 Be6 18. Nb6 Ng4 19. Bg1 Bg5 20. Rae1 a5 21. b3
h5 22. Re2 h4 23. Bc4 Qe7 24. Qc3 Bf4 25. Qxa5 Nf6 26. Bxe6 Qxe6 27. Qc3 Qg4
28. Qf3 Qg5 29. Nc4 Nh5 30. Bf2 Rb7 31. Nd6 Rbd7 32. Qh3 Ng3+ 33. hxg3 hxg3 34.
Be1 Rxd6 35. cxd6 Rxd6 36. Qc8+ Rd8 37. Qf5 Qh6+ 38. Qh3 Qg5 39. Qf5 Qh6+ 40.
Qh3 Qg5 41. Rf3 g6 42. Bxg3 1-0

[Event "Zagreb Open 2011 Grupo A"]
[Site "Zagreb CRO"]
[Date "2011.04.12"]
[Round "2.11"]
[White "Fercec, Nenad"]
[Black "Greenfeld, Alon"]
[Result "0-1"]
[WhiteElo "2452"]
[BlackElo "2571"]
[PlyCount "68"]
[EventDate "2011.04.11"]
[EventType "swiss"]
[EventRounds "9"]
[EventCountry "CRO"]
[Source "lmi"]
[SourceDate "2011.04.11"]

1. e4 c5 2. Nf3 d6 3. d4 cxd4 4. Nxd4 Nf6 5. Nc3 Nc6 6. Bg5 e6 7. Qd2 Be7 8.
O-O-O O-O 9. f3 Nxd4 10. Qxd4 a6 11. h4 b5 12. Kb1 Bb7 13. a3 Qc7 14. h5 h6 15.
Bh4 d5 16. e5 Bc5 17. Qf4 Nd7 18. Re1 f6 19. Qg4 f5 20. Qg6 Rfe8 21. Bd3 Bd4
22. f4 Bxc3 23. bxc3 Nf8 24. Qg3 Qxc3 25. Bf6 Qc7 26. Rh3 Kh8 27. Qh4 gxf6 28.
Rg3 Nh7 29. exf6 b4 30. Rg7 Qc3 31. Rxb7 Reb8 32. Rxh7+ Kxh7 33. Rxe6 bxa3+ 34.
Kc1 Rb1+ 0-1

[Event "Zagreb Open 2011 Grupo A"]
[Site "Zagreb CRO"]
[Date "2011.04.12"]
[Round "2.12"]
[White "Jankovic, Alojzije"]
[Black "Armanda, Ivica"]
[Result "1-0"]
[WhiteElo "2563"]
[BlackElo "2389"]
[PlyCount "61"]
[EventDate "2011.04.11"]
[EventType "swiss"]
[EventRounds "9"]
[EventCountry "CRO"]
[Source "lmi"]
[SourceDate "2011.04.11"]

1. d4 Nf6 2. Nf3 g6 3. c4 Bg7 4. Nc3 O-O 5. e4 d6 6. Be2 e5 7. O-O Nc6 8. d5
Ne7 9. Ne1 Nd7 10. Nd3 f5 11. Bd2 Kh8 12. Rc1 Ng8 13. b4 Ndf6 14. exf5 gxf5 15.
f4 e4 16. Nf2 Ne7 17. a3 Rg8 18. Be3 Ng6 19. c5 Bh6 20. Nh3 Ne5 21. Ng5 Bxg5
22. fxg5 Ne8 23. Qd2 h6 24. h4 Kh7 25. Nb5 dxc5 26. bxc5 c6 27. Nd4 cxd5 28.
Nxf5 Nf7 29. Bh5 Bxf5 30. Rxf5 Nh8 31. Rxd5 1-0

[Event "Zagreb Open 2011 Grupo A"]
[Site "Zagreb CRO"]
[Date "2011.04.12"]
[Round "2.13"]
[White "Efroimski, Marsel"]
[Black "Banusz, Tamas"]
[Result "0-1"]
[WhiteElo "2222"]
[BlackElo "2563"]
[PlyCount "148"]
[EventDate "2011.04.11"]
[EventType "swiss"]
[EventRounds "9"]
[EventCountry "CRO"]
[Source "lmi"]
[SourceDate "2011.04.11"]

1. e4 e5 2. Nf3 Nc6 3. Bb5 a6 4. Ba4 Nf6 5. O-O Be7 6. Re1 b5 7. Bb3 d6 8. h3
Na5 9. c3 Nxb3 10. Qxb3 O-O 11. d4 Bb7 12. Nbd2 exd4 13. Nxd4 Re8 14. a4 c5 15.
Nf5 Bf8 16. axb5 axb5 17. Rxa8 Qxa8 18. Qxb5 Nxe4 19. Nxe4 Bxe4 20. Ng3 Rb8 21.
Qf1 Bc6 22. f3 g6 23. Qf2 Qb7 24. Re2 Ra8 25. Re1 Ra1 26. b4 cxb4 27. cxb4 Qxb4
28. Bd2 Qb2 29. Rxa1 Qxa1+ 30. Qe1 Qxe1+ 31. Bxe1 f6 32. Bc3 Kf7 33. Ne2 Bb5
34. Nd4 Bc4 35. Nc2 Ke6 36. Kf2 Bd3 37. Nb4 Bb5 38. Nc2 Ba4 39. Ne3 d5 40. Bd4
Bd6 41. Nf1 Be5 42. Ba7 Bb5 43. Nd2 Bc4 44. Be3 g5 45. g3 Kf5 46. h4 h5 47.
hxg5 fxg5 48. Bb6 Bc3 49. Nb1 Be5 50. Nd2 h4 51. gxh4 gxh4 52. Nxc4 dxc4 53.
Ba5 h3 54. Bd2 Bf4 55. Bc3 Ke6 56. Bb2 Kd5 57. Bc3 Kc5 58. Bf6 Kb4 59. Be7+ Kc3
60. Bd8 Kd3 61. Bf6 Bd6 62. Bg7 Bc5+ 63. Kg3 Bd4 64. Bf8 c3 65. f4 Be3 66. f5
Bg5 67. Kxh3 Kc4 68. f6 Bxf6 69. Kg4 c2 70. Ba3 Bc3 71. Bc1 Kd3 72. Kf3 Bd2 73.
Ba3 Kc3 74. Ke4 Bg5 0-1

[Event "Zagreb Open 2011 Grupo A"]
[Site "Zagreb CRO"]
[Date "2011.04.12"]
[Round "2.14"]
[White "Bosiocic, Marin"]
[Black "Franciskovic, Borka"]
[Result "1-0"]
[WhiteElo "2561"]
[BlackElo "2302"]
[PlyCount "63"]
[EventDate "2011.04.11"]
[EventType "swiss"]
[EventRounds "9"]
[EventCountry "CRO"]
[Source "lmi"]
[SourceDate "2011.04.11"]

1. d4 Nf6 2. c4 e6 3. Nf3 Bb4+ 4. Nbd2 b6 5. a3 Bxd2+ 6. Bxd2 Bb7 7. Bg5 h6 8.
Bh4 d6 9. e3 g5 10. Bg3 Ne4 11. Nd2 Nxg3 12. hxg3 Nd7 13. Qa4 Kf8 14. f4 Kg7
15. Qc2 Qf6 16. O-O-O Rad8 17. Be2 c5 18. d5 exd5 19. cxd5 Bxd5 20. e4 Bc6 21.
Nc4 Nf8 22. Rxd6 Bxe4 23. Qd1 Ne6 24. f5 Qxf5 25. Rf1 Qh7 26. Ne5 Rhf8 27. Rxd8
Rxd8 28. Rxf7+ Kg8 29. Qf1 Qh8 30. Rf6 Bd5 31. Rg6+ Ng7 32. Ng4 1-0

[Event "Zagreb Open 2011 Grupo A"]
[Site "Zagreb CRO"]
[Date "2011.04.12"]
[Round "2.15"]
[White "Saric, Ante"]
[Black "Zelic, Zdravko"]
[Result "1/2-1/2"]
[WhiteElo "2491"]
[BlackElo "2391"]
[PlyCount "29"]
[EventDate "2011.04.11"]
[EventType "swiss"]
[EventRounds "9"]
[EventCountry "CRO"]
[Source "lmi"]
[SourceDate "2011.04.11"]

1. d4 Nf6 2. c4 e6 3. g3 c5 4. Nf3 cxd4 5. Nxd4 d5 6. Bg2 e5 7. Nf3 d4 8. O-O
Nc6 9. e3 d3 10. Nc3 Bb4 11. Bd2 O-O 12. Nd5 Nxd5 13. cxd5 Qxd5 14. Nd4 Qd6 15.
Nxc6 1/2-1/2

[Event "Zagreb Open 2011 Grupo A"]
[Site "Zagreb CRO"]
[Date "2011.04.12"]
[Round "2.16"]
[White "Rogulj, Branko"]
[Black "Kovacevic, Blazimir"]
[Result "0-1"]
[WhiteElo "2391"]
[BlackElo "2466"]
[PlyCount "110"]
[EventDate "2011.04.11"]
[EventType "swiss"]
[EventRounds "9"]
[EventCountry "CRO"]
[Source "lmi"]
[SourceDate "2011.04.11"]

1. e4 e6 2. d4 d5 3. Nc3 Bb4 4. Nge2 Nf6 5. e5 Nfd7 6. a3 Be7 7. b4 O-O 8. Nf4
a5 9. Rb1 axb4 10. axb4 Re8 11. Be2 Nf8 12. O-O f6 13. exf6 Bxf6 14. Be3 Nbd7
15. Qd2 c6 16. Nh5 e5 17. Nxf6+ Qxf6 18. f4 exd4 19. Bxd4 Qh6 20. Rbe1 Nf6 21.
Bd3 Bd7 22. Qf2 Rxe1 23. Rxe1 Ne6 24. Ne2 Rf8 25. h3 Nh5 26. f5 Nxd4 27. Nxd4
Nf4 28. Bf1 Bxf5 29. Nxf5 Rxf5 30. Re8+ Kf7 31. Qe3 Qf6 32. g4 Rg5 33. Rb8 Re5
34. Rxb7+ Kg6 35. Qf2 Kh6 36. b5 cxb5 37. Rxb5 g5 38. Rb7 Re7 39. Rb6 Re6 40.
Rb7 Re7 41. Rb6 Re6 42. Rxe6 Qxe6 43. Qd4 Qe1 44. Qf6+ Ng6 45. c3 Qd2 46. Bg2
Qe3+ 47. Kh1 Qc1+ 48. Bf1 Qf4 49. Qa6 Qf3+ 50. Kh2 Qxc3 51. Bd3 Qd2+ 52. Kg3
Qf4+ 53. Kg2 Qd2+ 54. Kg3 Qe3+ 55. Kg2 Qxd3 0-1

[Event "Zagreb Open 2011 Grupo A"]
[Site "Zagreb CRO"]
[Date "2011.04.12"]
[Round "2.17"]
[White "Brumen, Dinko"]
[Black "Stevic, Hrvoje"]
[Result "1/2-1/2"]
[WhiteElo "2351"]
[BlackElo "2611"]
[PlyCount "70"]
[EventDate "2011.04.11"]
[EventType "swiss"]
[EventRounds "9"]
[EventCountry "CRO"]
[Source "lmi"]
[SourceDate "2011.04.11"]

1. e4 d5 2. exd5 Qxd5 3. Nc3 Qd6 4. d4 Nf6 5. Nf3 g6 6. g3 Bg7 7. Bf4 Qb6 8.
Qd2 O-O 9. O-O-O Bg4 10. Be2 Nc6 11. h3 Bxf3 12. Bxf3 Rad8 13. Be3 Qa5 14. Bxc6
bxc6 15. Bh6 Bxh6 16. Qxh6 Nd5 17. Nxd5 Rxd5 18. Kb1 Rfd8 19. Qe3 e5 20. Rhe1
c5 21. c4 exd4 22. Qd2 Qxd2 23. Rxd2 R5d6 24. Re5 Rc6 25. Rd3 f6 26. Re7 h5 27.
Kc2 Kf8 28. Rh7 Kg8 29. Re7 Kf8 30. Rh7 a6 31. Rb3 Kg8 32. Re7 Kf8 33. Rh7 Kg8
34. Re7 Kf8 35. Rh7 Kg8 1/2-1/2

[Event "Zagreb Open 2011 Grupo A"]
[Site "Zagreb CRO"]
[Date "2011.04.12"]
[Round "2.18"]
[White "Pacher, Milan"]
[Black "Kristovic, Marijan"]
[Result "1-0"]
[WhiteElo "2415"]
[BlackElo "2320"]
[PlyCount "61"]
[EventDate "2011.04.11"]
[EventType "swiss"]
[EventRounds "9"]
[EventCountry "CRO"]
[Source "lmi"]
[SourceDate "2011.04.11"]

1. e4 c6 2. d4 d5 3. e5 Bf5 4. Nd2 e6 5. Nb3 Nd7 6. Nf3 h6 7. Be2 a5 8. a4 c5
9. dxc5 Nxc5 10. O-O Be7 11. c3 g5 12. Nfd4 Bg6 13. Bh5 Nxb3 14. Nxb3 Qc7 15.
Bxg6 fxg6 16. Nd4 Ra6 17. Re1 h5 18. Nb5 Qd8 19. Qd4 Nh6 20. Nd6+ Kf8 21. Nxb7
Qc7 22. Nd6 Nf5 23. Nxf5 gxf5 24. Bd2 Rc6 25. Qd3 Kf7 26. b4 Rc4 27. Reb1 Ra8
28. b5 Qxe5 29. b6 Rb8 30. Rb5 Rb7 31. Qxc4 1-0

[Event "Zagreb Open 2011 Grupo A"]
[Site "Zagreb CRO"]
[Date "2011.04.12"]
[Round "2.19"]
[White "Kantorik, Marian"]
[Black "Mrda, Milan"]
[Result "0-1"]
[WhiteElo "2320"]
[BlackElo "2404"]
[PlyCount "110"]
[EventDate "2011.04.11"]
[EventType "swiss"]
[EventRounds "9"]
[EventCountry "CRO"]
[Source "lmi"]
[SourceDate "2011.04.11"]

1. d4 Nf6 2. c4 e6 3. Nc3 Bb4 4. f3 d5 5. a3 Bxc3+ 6. bxc3 c5 7. cxd5 exd5 8.
e3 O-O 9. Bd3 Nc6 10. Ne2 cxd4 11. cxd4 Nh5 12. O-O f5 13. Bd2 Be6 14. Rb1 Qd7
15. g3 Rac8 16. Qb3 Rc7 17. Rfc1 Rfc8 18. Nc3 Nb8 19. Qb5 Qd8 20. Qb2 Nf6 21.
a4 Ne8 22. Ne2 Rxc1+ 23. Rxc1 Rxc1+ 24. Qxc1 Nd6 25. Nf4 Bf7 26. Bb4 Nc4 27.
Bxc4 dxc4 28. d5 g5 29. Ne6 Qxd5 30. Nxg5 Nc6 31. Bc3 h6 32. Nxf7 Kxf7 33. Qb2
b6 34. Kg2 Ke6 35. a5 b5 36. a6 Kd6 37. Bg7 Kc5 38. Qf2 Kb4 39. Qa2 Kc5 40. Qf2
Kd6 41. Qb2 Ne5 42. Qa3+ Kc6 43. Bxe5 Qxe5 44. Qf8 Qe6 45. Qa8+ Kb6 46. Qb7+
Ka5 47. Qxa7 Qxa6 48. Qd4 Qe6 49. e4 fxe4 50. fxe4 b4 51. e5 Qc6+ 52. Kh3 c3
53. Qd8+ Ka4 54. Qf6 Qc8+ 55. e6 c2 0-1

[Event "Zagreb Open 2011 Grupo A"]
[Site "Zagreb CRO"]
[Date "2011.04.12"]
[Round "2.20"]
[White "Banas, Jan"]
[Black "Zufic, Miroslav"]
[Result "1/2-1/2"]
[WhiteElo "2306"]
[BlackElo "2395"]
[PlyCount "102"]
[EventDate "2011.04.11"]
[EventType "swiss"]
[EventRounds "9"]
[EventCountry "CRO"]
[Source "lmi"]
[SourceDate "2011.04.11"]

1. c4 e5 2. Nc3 Nf6 3. Nf3 Nc6 4. g3 d5 5. cxd5 Nxd5 6. Bg2 Nb6 7. O-O Be7 8.
d3 O-O 9. a4 a5 10. e4 Bg4 11. Nb5 Nb4 12. Be3 c6 13. Na3 Nd7 14. h3 Bxf3 15.
Bxf3 Nc5 16. d4 exd4 17. Bxd4 Nb3 18. Qxb3 Qxd4 19. Rad1 Qf6 20. Kg2 Rfd8 21.
Nc4 Qe6 22. Rxd8+ Bxd8 23. Rd1 Bc7 24. Nd2 Qe7 25. Nc4 Rd8 26. Ne3 g6 27. h4 h5
28. Rxd8+ Qxd8 29. Qd1 Qd3 30. b3 Kf8 31. Nc4 Ke7 32. Qxd3 Nxd3 33. Bd1 Kd7 34.
f4 b5 35. Nd2 Nc1 36. e5 Bb6 37. Kf3 Ke6 38. Ne4 Nd3 39. Ke2 Nc5 40. Ng5+ Ke7
41. Bc2 Na6 42. Bd3 Nc7 43. Be4 bxa4 44. bxa4 Nd5 45. Bc2 Nb4 46. Bb3 f6 47.
exf6+ Kxf6 48. Kf3 Nd5 49. Ne4+ Ke7 50. Nd2 Ne3 51. Nc4 Nxc4 1/2-1/2

[Event "Zagreb Open 2011 Grupo A"]
[Site "Zagreb CRO"]
[Date "2011.04.12"]
[Round "2.21"]
[White "Loncar, Robert"]
[Black "Ivekovic, Zvonimir"]
[Result "1/2-1/2"]
[WhiteElo "2394"]
[BlackElo "2308"]
[PlyCount "112"]
[EventDate "2011.04.11"]
[EventType "swiss"]
[EventRounds "9"]
[EventCountry "CRO"]
[Source "lmi"]
[SourceDate "2011.04.11"]

1. e4 c5 2. Nc3 d6 3. d4 cxd4 4. Qxd4 Nc6 5. Bb5 Bd7 6. Bxc6 Bxc6 7. Nge2 Nf6
8. O-O g6 9. Bg5 Bg7 10. Ng3 O-O 11. Qd2 Re8 12. Nd5 e6 13. Nxf6+ Bxf6 14. Bxf6
Qxf6 15. c4 d5 16. cxd5 exd5 17. exd5 Rad8 18. Rfe1 Rxe1+ 19. Rxe1 Rxd5 20. Qe2
Rd8 21. Qc2 Qd4 22. b3 a5 23. Nf1 a4 24. bxa4 Qxa4 25. Qb1 Ra8 26. Re2 Qg4 27.
Ng3 Qc4 28. h3 Bd5 29. Rc2 Qa6 30. Rb2 Bxa2 31. Qe1 Bd5 32. Kh2 Qc6 33. f4 h5
34. Qe7 Qe8 35. Qg5 Qd8 36. Qe5 h4 37. Nf1 Bc6 38. Rf2 Ra5 39. Qb2 Rb5 40. Qa1
Ra5 41. Qc3 Rd5 42. Ne3 Rd3 43. Qe5 Qd4 44. Ng4 Qxe5 45. Nxe5 Rc3 46. f5 Be4
47. fxg6 fxg6 48. Rf4 Bc2 49. Rxh4 b5 50. Rb4 Rc5 51. Nd7 Rc7 52. Nf6+ Kf7 53.
Nd5 Rc5 54. Ne3 Bd3 55. Rd4 Bc4 56. Kg3 Ke6 1/2-1/2

[Event "Zagreb Open 2011 Grupo A"]
[Site "Zagreb CRO"]
[Date "2011.04.12"]
[Round "2.22"]
[White "Sale, Srdan"]
[Black "Zelic, Mladen"]
[Result "1-0"]
[WhiteElo "2380"]
[BlackElo "2274"]
[PlyCount "49"]
[EventDate "2011.04.11"]
[EventType "swiss"]
[EventRounds "9"]
[EventCountry "CRO"]
[Source "lmi"]
[SourceDate "2011.04.11"]

1. d4 f5 2. Bg5 h6 3. Bh4 g5 4. e3 Nf6 5. Bg3 d6 6. Nd2 e6 7. h4 Rg8 8. hxg5
hxg5 9. Ngf3 Qe7 10. Bc4 Bd7 11. c3 Nc6 12. Qc2 O-O-O 13. O-O-O Qf7 14. Qxf5 d5
15. Nxg5 Rxg5 16. Qxg5 dxc4 17. e4 Nxd4 18. cxd4 Ba4 19. Qa5 Bxd1 20. Rxd1 a6
21. Rh1 Rxd4 22. Qe5 Rd8 23. Nxc4 Bg7 24. Qf4 Qd7 25. Nb6+ 1-0

[Event "Zagreb Open 2011 Grupo A"]
[Site "Zagreb CRO"]
[Date "2011.04.12"]
[Round "2.23"]
[White "Dutina, Dario"]
[Black "Jusic, Zdenko"]
[Result "0-1"]
[WhiteElo "2282"]
[BlackElo "2373"]
[PlyCount "110"]
[EventDate "2011.04.11"]
[EventType "swiss"]
[EventRounds "9"]
[EventCountry "CRO"]
[Source "lmi"]
[SourceDate "2011.04.11"]

1. e4 e5 2. Nf3 Nf6 3. d4 Nxe4 4. Bd3 Nc6 5. dxe5 Nc5 6. Bc4 d6 7. exd6 Qxd6 8.
O-O Be6 9. Qe2 O-O-O 10. Nc3 Nb4 11. Bg5 f6 12. Nb5 Qb6 13. Bf4 Bxc4 14. Qxc4
Nd5 15. Bg3 a6 16. Nc3 Nxc3 17. Qxc3 Ne4 18. Qc4 Nxg3 19. hxg3 Bd6 20. Rab1 h5
21. a4 Rde8 22. b4 g5 23. Nd4 h4 24. a5 Qa7 25. Nf5 Bxg3 26. Qg4 Kb8 27. c4 Bf4
28. c5 Re4 29. Qf3 Re5 30. Nd4 c6 31. Rfe1 Rhe8 32. Rxe5 Bxe5 33. Qh5 Rc8 34.
Nf5 Ka8 35. Rd1 Qb8 36. Nd6 Rd8 37. Nc4 Bc3 38. Rxd8 Qxd8 39. Nd6 Be5 40. Nc4
Bf4 41. Nd6 Bxd6 42. cxd6 Qxd6 43. Qe8+ Qb8 44. Qe3 Qe5 45. Qb6 Qd6 46. f3 f5
47. Kf1 Qd3+ 48. Kg1 g4 49. fxg4 fxg4 50. Qc5 Qd8 51. Kh2 Qb8+ 52. Kg1 g3 53.
Qe7 Qh8 54. Kf1 Qd4 55. Ke2 h3 0-1

[Event "Zagreb Open 2011 Grupo A"]
[Site "Zagreb CRO"]
[Date "2011.04.13"]
[Round "3.1"]
[White "Brkic, Ante"]
[Black "Martinovic, Sasa"]
[Result "1/2-1/2"]
[WhiteElo "2592"]
[BlackElo "2504"]
[PlyCount "142"]
[EventDate "2011.04.11"]
[EventType "swiss"]
[EventRounds "9"]
[EventCountry "CRO"]
[Source "lmi"]
[SourceDate "2011.04.11"]

1. e4 e6 2. d4 d5 3. Nc3 Nf6 4. e5 Nfd7 5. f4 c5 6. Nf3 Nc6 7. Be3 Be7 8. Qd2
O-O 9. Be2 b6 10. O-O f6 11. dxc5 Nxc5 12. exf6 Bxf6 13. Nd4 Nxd4 14. Bxd4 Bb7
15. Rad1 Rc8 16. Bg4 Kh8 17. Qe3 Bxd4 18. Rxd4 Qf6 19. Re1 Qg6 20. Bxe6 Nxe6
21. Qxe6 Qxc2 22. Qe2 Qg6 23. Qe6 Rce8 24. Qxg6 Rxe1+ 25. Kf2 hxg6 26. Kxe1 Kg8
27. g3 Kf7 28. Rd2 Rd8 29. Nb5 Kf6 30. Nd4 Re8+ 31. Re2 Rxe2+ 32. Kxe2 g5 33.
fxg5+ Kxg5 34. Kf3 Kf6 35. h4 Bc8 36. Kf4 Bd7 37. g4 Be8 38. g5+ Kg6 39. Nf5
Bd7 40. Ng3 Kf7 41. Ke5 Bg4 42. a3 Bf3 43. h5 Kg8 44. g6 Kf8 45. Kf4 Bd1 46.
Kg5 d4 47. Kf4 Bc2 48. b4 Ke7 49. Ke5 d3 50. Nf5+ Kf8 51. h6 gxh6 52. Kf6 Bb3
53. g7+ Ke8 54. Nd6+ Kd7 55. Ne4 Bg8 56. b5 h5 57. Kg5 Ke6 58. Nf2 d2 59. Kxh5
Kf5 60. Nd1 Ke4 61. Kg6 Kd3 62. Kf6 Kc4 63. Ke5 Kxb5 64. Nb2 a5 65. Kd4 d1=Q+
66. Nxd1 Ka4 67. Ne3 Kb3 68. Nd5 Kxa3 69. Nxb6 Kb3 70. Kc5 a4 71. Nxa4 Kxa4
1/2-1/2